Podnikanie zahraničných osôb Práva a povinnosti ako pre našincov

Práva a povinnosti podnikania zahraničných osôb na Slovensku. Zmluva o podnikaní so zahraničnou osobou, resp. zakladateľská zmluva obsahuje údaje, požadované podľa toho, aká právna forma obchodnej spoločnosti vznikne na území SR v zmysle Obchodného zákonníka. Zakladanie podniku so zahraničnou majetk...

Descrizione completa

Salvato in:
Dettagli Bibliografici
Autore principale: Kerekeš, Juraj
Natura: Capitolo di libro
Lingua:slovacco
Soggetti:
Tags: Aggiungi Tag
Nessun Tag, puoi essere il primo ad aggiungerne!!

MARC

LEADER 00000naa a2200000 4500
001 r016604
005 20221213114206.7
041 0 |a slo 
044 |a SK 
245 1 0 |a Podnikanie zahraničných osôb  |b Práva a povinnosti ako pre našincov  |c J. Kerekeš 
520 |a Práva a povinnosti podnikania zahraničných osôb na Slovensku. Zmluva o podnikaní so zahraničnou osobou, resp. zakladateľská zmluva obsahuje údaje, požadované podľa toho, aká právna forma obchodnej spoločnosti vznikne na území SR v zmysle Obchodného zákonníka. Zakladanie podniku so zahraničnou majetkovou účasťou. Zápis do obchodného registra. Obchodné meno. Základný kapitál. Ručenie. Spôsob riadenia. Ochrana majetkových záujmov. Spoločné záväzky. 
610 2 0 |a osoby zahraničné 
610 2 0 |a osoby právnické 
610 2 0 |a register obchodný 
610 2 0 |a podnikanie 
610 2 0 |a Slovensko 
610 2 0 |a spoločnosti obchodné 
610 2 0 |a kapitál zahraničný 
610 2 0 |a podnik spoločný 
100 1 |a Kerekeš, Juraj